LB Lewisham v Malcolm and another (Record no. 80073)

MARC details
000 -LEADER
fixed length control field 02212cab a22002775a 4500
001 - CONTROL NUMBER
control field L143153
008 - FIXED-LENGTH DATA ELEMENTS--GENERAL INFORMATION
fixed length control field 080411e20070725xxk f w 000 0 eng d
035 ## - SYSTEM CONTROL NUMBER
System control number (Sirsi) u143153
041 0# - LANGUAGE CODE
Language code of text/sound track or separate title eng
245 00 - TITLE STATEMENT
Title LB Lewisham v Malcolm and another
Medium [electronic resource]
260 ## - PUBLICATION, DISTRIBUTION, ETC.
Date of publication, distribution, etc. 2007
520 ## - SUMMARY, ETC.
Summary, etc. [2007] EWCA Civ 763, 25 July 2007. Considers whether the Disability Discrimination Act 1995 could be used to prevent landlords seeking possession of a premises when a tenant had breached the conditions of his tenancy. The appellant tenant (M) appealed against a possession order. M was a secure tenant of the respondent local authority (L) with the right to buy his flat. He had sublet his flat without obtaining L's permission and therefore lost his secure status and with it the right to buy. L then commenced possession proceedings. It came to light that M had been suffering from schizophrenia. M argued that his illness had caused him to act irrationally and that possession on the basis of his diagnosis would be unlawful. "Held": M's mental impairment did have a substantial bearing on the case. L's possession order was related to this impairment. M did not have to establish that his illness was the cause of the subletting, as the causal relationship did exist. The obtaining of a possession order or serving of notice to quit would therefore amount to unlawful discrimination on grounds of disability. The loss of security did not provide an exception. Appeal allowed.
590 ## - LOCAL NOTE (RLIN)
Local note KA
650 24 - SUBJECT ADDED ENTRY--TOPICAL TERM
Topical term or geographic name entry element LB LEWISHAM V MALCOLM AND ANOTHER
650 24 - SUBJECT ADDED ENTRY--TOPICAL TERM
Topical term or geographic name entry element RICHMOND COURT (SWANSEA) LTD V WILLIAMS
650 24 - SUBJECT ADDED ENTRY--TOPICAL TERM
Topical term or geographic name entry element CLARK V T D G LTD
650 24 - SUBJECT ADDED ENTRY--TOPICAL TERM
Topical term or geographic name entry element MANCHESTER CITY COUNCIL V ROMANO
650 24 - SUBJECT ADDED ENTRY--TOPICAL TERM
Topical term or geographic name entry element DISABILITY DISCRIMINATION ACT 1995 S22
650 24 - SUBJECT ADDED ENTRY--TOPICAL TERM
Topical term or geographic name entry element DISABILITY DISCRIMINATION ACT 2005
650 24 - SUBJECT ADDED ENTRY--TOPICAL TERM
Topical term or geographic name entry element HOUSING ACT 1985 S93
651 #4 - SUBJECT ADDED ENTRY--GEOGRAPHIC NAME
Geographic name England and Wales
Chronological subdivision 1543-
690 ## - LOCAL SUBJECT ADDED ENTRY--TOPICAL TERM (OCLC, RLIN)
Topical term or geographic name as entry element MANAGEMENT-BUSINESS MANAGEMENT-DISCRIMINATION-DISABILITY DISCRIMINATION
690 ## - LOCAL SUBJECT ADDED ENTRY--TOPICAL TERM (OCLC, RLIN)
Topical term or geographic name as entry element PROPERTY-RESIDENTIAL PROPERTY-RESIDENTIAL LANDLORD AND TENANT-RESIDENTIAL TENANCIES-ASSURED TENANCIES
856 40 - ELECTRONIC LOCATION AND ACCESS
Uniform Resource Identifier <a href="https://www.bailii.org/ew/cases/EWCA/Civ/2007/763.html">https://www.bailii.org/ew/cases/EWCA/Civ/2007/763.html</a>
Public note View the judgment free of charge at www.bailii.org...
942 ## - ADDED ENTRY ELEMENTS (KOHA)
Suppress in OPAC 0
Holdings
Withdrawn status Lost status Source of classification or shelving scheme Damaged status Not for loan Home library Current library Shelving location Date acquired Total Checkouts Full call number Barcode Date last seen Copy number Price effective from Koha item type
    Dewey Decimal Classification     Virtual Virtual Online 11/04/2008   ONLINE PUBLICATON 143153-1001 06/08/2019 1 06/08/2019 Law report